Statistics for Full Name of Countries

Click here to take the quiz!

General Stats

  • This quiz has been taken 23 times
  • The average score is 5 of 15

Answer Stats

Country Full Country % Correct
ChinaPeople's Republic of China
95%
United KingdomUnited Kingdom of Great Britain and Northern Ireland
73%
IrelandRepublic of Ireland
73%
North KoreaDemocratic People's Republic of Korea
50%
South AfricaRepublic of South Africa
45%
MoroccoKingdom of Morocco
41%
AustraliaCommonwealth of Australia
36%
SwitzerlandSwiss Confederation
18%
MauritaniaIslamic Republic of Mauritania
18%
LaosLao People's Democratic Republic
9%
PortugalPortuguese Republic
9%
IsraelState of Israel
9%
East TimorDemocratic Republic of Timor-Leste
5%
SomaliaFederal Republic of Somalia
5%
BruneiNation of Brunei, Abode of Peace
0%

Score Distribution

Percentile by Number Answered

Percent of People with Each Score

Your Score History

You have not taken this quiz